The nation's voice, speeches of quaid-e-azam mohammad ali jinnah (Record no. 570623)

000 -LEADER
fixed length control field 00480nam a22001697a 4500
003 - CONTROL NUMBER IDENTIFIER
control field CEME
005 - DATE AND TIME OF LATEST TRANSACTION
control field 20210628202700.0
008 - FIXED-LENGTH DATA ELEMENTS--GENERAL INFORMATION
fixed length control field 210203b xxu||||| |||| 00| 0 eng d
040 ## - CATALOGING SOURCE
Transcribing agency .
082 ## - DEWEY DECIMAL CLASSIFICATION NUMBER
Classification number 923.15491 NAT
100 ## - MAIN ENTRY--PERSONAL NAME
Personal name Waheed Ahmad
9 (RLIN) 61058
245 ## - TITLE STATEMENT
Title The nation's voice, speeches of quaid-e-azam mohammad ali jinnah
250 ## - EDITION STATEMENT
Edition statement 7 VOLS
260 ## - PUBLICATION, DISTRIBUTION, ETC.
Place of publication, distribution, etc. LAHORE
Name of publisher, distributor, etc. QUAID-I-AZAM UNIVERISTY
Date of publication, distribution, etc. 2003
650 ## - SUBJECT ADDED ENTRY--TOPICAL TERM
Topical term or geographic name entry element QUAID AZAM SPEECHES AND STATEMENTS
9 (RLIN) 61059
942 ## - ADDED ENTRY ELEMENTS (KOHA)
Koha item type Book
Source of classification or shelving scheme
Holdings
Withdrawn status Lost status Source of classification or shelving scheme Damaged status Not for loan Permanent Location Current Location Shelving location Date acquired Full call number Barcode Date last seen Price effective from Koha item type Public note
          College of Electrical & Mechanical Engineering (CEME) College of Electrical & Mechanical Engineering (CEME) General Stacks 07/20/2017 923.15491 NAT CEME-37548 06/28/2021 06/28/2021 Book 1.1
          College of Electrical & Mechanical Engineering (CEME) College of Electrical & Mechanical Engineering (CEME) General Stacks 07/20/2017 923.15491 NAT CEME-37549 06/28/2021 06/28/2021 Book 1.1
          College of Electrical & Mechanical Engineering (CEME) College of Electrical & Mechanical Engineering (CEME) General Stacks 07/20/2017 923.15491 NAT CEME-37550 06/28/2021 06/28/2021 Book 1.1
          College of Electrical & Mechanical Engineering (CEME) College of Electrical & Mechanical Engineering (CEME) General Stacks 07/20/2017 923.15491 NAT CEME-37551 06/28/2021 06/28/2021 Book 1.1
          College of Electrical & Mechanical Engineering (CEME) College of Electrical & Mechanical Engineering (CEME) General Stacks 07/20/2017 923.15491 NAT CEME-37552 06/28/2021 06/28/2021 Book 1.1
          College of Electrical & Mechanical Engineering (CEME) College of Electrical & Mechanical Engineering (CEME) General Stacks 07/20/2017 923.15491 NAT CEME-37553 06/28/2021 06/28/2021 Book 1.1
          College of Electrical & Mechanical Engineering (CEME) College of Electrical & Mechanical Engineering (CEME) General Stacks 07/20/2017 923.15491 NAT CEME-37554 06/28/2021 06/28/2021 Book 1.1
© 2023 Central Library, National University of Sciences and Technology. All Rights Reserved.